• 首页
  • 本馆介绍
  • 公告通知
  • 最新文献
  • 馆藏检索
  • 电子资源
  • 读者导购
  • 参考咨询
  • 我的图书馆
  • 登录
  • 详细信息显示
  • 放入我的书架
  • 预约/预借图书
  • 作者相关作品
  • 分类相关作品
  • 丛书相关作品
  • 出版社相关作品

书目信息

  • 表格格式
  • 工作单格式
  • 卡片格式
题名:
常用电信测试仪表的使用与维护
    
 
作者: 韩正 编著
分册: 第一辑  
出版信息: 北京   人民邮电出版社  1963
页数: 144页
开本: 19cm
丛书名:
单 册:
中图分类: TM930.4
科图分类:
主题词: 电气测量 , 电工仪表
电子资源:
ISBN:
000 00713nam0 2200241 45
001 0177003072
005 20060704154036.85
010    @dCNY0.41
091    @a15045.总1334-有299
100    @a19951018d1963 em y0chiy0121 ea
101 0  @achi
102    @aCN@b110000
105    @ay z 000yy
200 10 @a常用电信测试仪表的使用与维护@Achang yong dian xin ce shi yi biao de shi yong yu wei hu@h第一辑@f韩正等编著@Fhan zheng deng bian zhu
210    @a北京@c人民邮电出版社@d1963
215    @a144页@d19cm
606 0  @a电气测量
606 0  @a电工仪表
690    @aTM930.4@v4
701  0 @a韩正@Ahan zheng@4编著
801  0 @aCN@b广东省中山图书馆@c20060704
801  2 @aCN@bNLC@c20060630
905    @dTM930.4@e39:1
    
    常用电信测试仪表的使用与维护.第一辑/韩正等编著.-北京:人民邮电出版社,1963
    144页;19cm
    
    
    ISBN :CNY0.41
    
●
相关链接 在E读中查询图书 在五车中查询图书 在当当中查询图书 在豆瓣中查询图书


正题名:常用电信测试仪表的使用与维护     索取号:TM930.4/39:1         预约/预借

序号 登录号 条形码 馆藏地/架位号 状态 备注
1 0011196   202193447   密集书库/ [索取号:TM930.4/39:1] 在馆    
唐山师范学院图书馆 欢迎您!
大连网信软件有限公司© 版权所有